000 00686nam a2200217Ia 4500
003 OSt
005 20220927105530.0
006 a|||||r|||| 00| 0
007 ta
008 220926b |||||||| |||| 00| 0 eng d
024 _a170376
037 _cReference Collections
040 _aRTL
_cRTL
_beng
041 _2eng
_aeng
082 _a"X428.2.N88 - N87r, M9/GD"
245 0 _a"India, Transport Research division Basic Part statistics of India.1987-88."
260 _aNew
_bDelhi Transport Research division.
_c1989
300 _aiii; 117p.
_ccm.
942 _h"X428.2.N88 - N87r, M9/GD"
_cCC
999 _c692871
_d692871